00586nam a22001577a 4500003000900000005001700009008004100026040002300067082001300090245017900103260005300282300002800335650001400363650003200377700001900409BDDh-ASL20231015025757.0201124s1999 ||||| |||| 00| 0 eng d aBDDh-ASLcBDDh-ASL a203bGAE00aEncyclopaedia of Faiths and Religions of the World, Volume V: O-Z :bAn indepth study of all religions and religious sects, their doctrinesk, rites, ceremonies and customs /  aNew Delhi: bAryan Books International, c1999.  a1547-1923 p. :c25 cm.  0aReligions 0aEncyclopaediavEncyclopedia1 aGardner, James